000 00875nas a2200301 4500
001 BR2017002937
003 BR-BrBNA
005 20231205131123.0
007 ta
008 230509b bl.|||p| |||| 00| 00por d
040 _aBR-BrBNA
_bpor
_cBiblioteca Nacional de Agricultura
041 _a(Pt)
072 _aE73
100 1 _aMatos, K.M. de O.
100 1 _aRibeiro, L.A.
100 1 _aSouza, R. de
100 1 _aKobayashi, P. de F.
245 1 _aPerfil do consumidor de carne bovina das feiras-livres de Aracaju, SE
650 _aBOVINO
650 _aCARNE
650 _aCOMERCIALIZAÇÃO
650 _aHÁBITO ALIMENTAR
650 _aCONSUMIDOR
650 _aPESQUISA
773 0 _tHigiene Alimentar (Brazil)
_xISSN 0101-9171
_g(Sep-Oct 2017), v. 31(272-273) p. 27-32
_wBR2017002937
909 _a202311
_bLúcia
_c55
_dLúcia Elande
942 _2AGRIS
_n0
_cANA
999 _c253122
_d253122